Empires Flags - Statistics

General Stats
  • This quiz has been taken 34 times
    18 since last reset
  • The average score is 4 of 71
Answer Stats
Picture Answer % Correct
British Empire
73%
Mongol Empire
64%
Spanish Empire
64%
Australian Empire
55%
Nazi Germany
55%
Brazilian Empire
45%
Prussian Empire
36%
Mexican Empire
18%
Canadian Empire
9%
Ukrainian Empire
9%
Algudi Empire
0%
American Empire
0%
Austrian Empire
0%
Bahranian Empire
0%
Baligan Empire
0%
Bangula Empire
0%
Bina Empire
0%
Biosiana Empire
0%
Bolan Empire
0%
Bolicana Empire
0%
Bolisania Empire
0%
Bolivian Emppire
0%
British Australia
0%
Candia Empire
0%
Candiana Empire
0%
Chinese Empire
0%
Congo Empire
0%
Conjinica Empire
0%
Connor Empire
0%
Cortia Empire
0%
Crosina Empire
0%
Dirosania Empire
0%
DRC Empire
0%
Dresioca Empire
0%
French Empire
0%
Goltausa Empire
0%
Gosika Empire
0%
Guena Empire
0%
Guslan Empire
0%
Hajis Inaas
0%
Hoji Empire
0%
Isabellan Empire
0%
Jamaican Empire
0%
Kosian Empire
0%
Lansika Empire
0%
Liaofian Empire
0%
Luan Empire
0%
Madasgarican Empire
0%
Malian Empire
0%
Maltian Empire
0%
Mileneium Empire
0%
Minisia Empire
0%
Monacian Empire
0%
Morrocoan Empire
0%
Mosulania Empire
0%
Nasina Empire
0%
Nauruan Empire
0%
Pakistanian Empire
0%
Panaman Empire
0%
Panaman Empire
0%
Rina Empire
0%
Scandavina Empire
0%
Scotiana Empire
0%
Sealandian Empire
0%
Soian Union
0%
South African Empire
0%
Turkish Empire
0%
Union Of Gurdinand
0%
Uzbek Empire
0%
Visola Empire
0%
Walinad Empire
0%
No matching quizzes found
Score Distribution
Percent of People with Each Score
Percentile by Number Answered
Your Score History
You have not taken this quiz since the last reset